banner-ar

حضارات الهند : (Record no. 60229)

MARC details
000 -الفاتح
حقل البيانات ثابتة الطول 01164nam a22002777a 4500
005 - وقت وتاريخ اخر تعامل مع التسجيلة
رقم الضبط 20240530110359.0
008 - عناصر البيانات ثابتة الطول - معلومات عامة
حقل البيانات ثابتة الطول 150118s2010 ua of g 000 0 ara d
017 ## - رقم الايداع القانونى
رقم الايداع القانونى 2009/20295
المصدر ( الهيئة المختصة) مصر . دار الكتب المصرية
020 ## - الرقم الدولى المعيارى للكتب
الرقم الدولى المعيارى للكتاب 9789776276949
040 ## - مصدر الفهرسة
وكالة الفهرسة الأصلية EG-CaGPL
041 0# - رمز اللغة
رمز لغة النص/ المسارات الصوتية أو العنوان الانفرادي ara
082 04 - رقم تصنيف ديوى العشرى
رقم الطبعة 21
رقم التصنيف 954\
رقم المادة ل ح
100 1# - المدخل الرئيسى - إسم شخصى
الإسم الشخصى لوبون ، غوستاف
245 10 - بيان العنوان
العنوان حضارات الهند :
بقية العنوان كتاب مصور يشتمل على 186 صورة وخريطتين وفق وثائق المؤلف و تصويره الشمسى و رسمه و تخطيطه /
بيان المسئوليه,etc تاليف غوستاف لوبون ؛ نقله الى العربية عادل زعيتر
250 ## - بيان الطبعة
بيان الطبعة ط 1
260 ## - PUBLICATION, DISTRIBUTION, ETC. (IMPRINT)
تاريخ النشر أو التوزيع 2010
300 ## - الوصف المادى
التعداد 731 ص :
تفاصيل ماديه اخرى للوعاء ايض ؛
أبعاد الوعاء 24 سم
651 04 - المدخل الاضافى بالموضوع - اسم جغرافى
الاسم الجغرافي الهند
التقسيم الفرعي العام تاريخ
651 04 - المدخل الاضافى بالموضوع - اسم جغرافى
الاسم الجغرافي الديانات الهندية القديمة
651 04 - المدخل الاضافى بالموضوع - اسم جغرافى
الاسم الجغرافي الهند
التقسيم الفرعي العام عادات وتقاليد
651 04 - المدخل الاضافى بالموضوع - اسم جغرافى
الاسم الجغرافي الهند
التقسيم الفرعي العام جغرافيا
651 04 - المدخل الاضافى بالموضوع - اسم جغرافى
الاسم الجغرافي الهند
التقسيم الفرعي العام وصف و رحلات
700 0# - المدخل الاضافى - اسم شخصى
الإسم الشخصى عادل زعيتر
الدور مترجم
942 ## - عناصر المدخل الإضافي( كوها)
مصدر التصنيف او مخطط الترفيف Dewey Decimal Classification
Koha [default] item type كتاب
260 ## - PUBLICATION, DISTRIBUTION, ETC. (IMPRINT)
-- القاهرة :
-- دار العالم العربى ،
Holdings
حالة التراجع حالة الفقد حالة تلف ليس للاعارة المكان المؤقت الموقع الحالى تاريخ الاكتساب اجمالي اﻻعارات رقم الطلب الباركود تاريخ اخر مشاهدة تاريخ تفعيل السعر نوع وعاء كوها
        مكتبة القاهرة الكبرى مكتبة القاهرة الكبرى 01/18/2015   954\ ل ح 159236 01/18/2015 01/18/2015 كتاب

Powered By

EGPV